Inkluzívna spoločenská hra
Salvato in:
| Autore principale: | |
|---|---|
| Altri autori: | |
| Natura: | Manoscritto Libro |
| Lingua: | slovacco |
| Pubblicazione: |
2025
|
| Soggetti: | |
| Accesso online: | http://is.stuba.sk/zp/portal_zp.pl?podrobnosti=185925 |
| Tags: |
Nessun Tag, puoi essere il primo ad aggiungerne!!
|
MARC
| LEADER | 00000ntm a22000003a 4500 | ||
|---|---|---|---|
| 001 | stuzp104493 | ||
| 003 | SK-STU | ||
| 005 | 20250607210550.0 | ||
| 007 | ta | ||
| 008 | 150427s2015----xo-----f-mn---000-0-slo-d | ||
| 040 | |a STU |b slo | ||
| 041 | 0 | |a slo | |
| 100 | 1 | |a Hidvégi, Dávid |u 059190 |4 aut |U FAD Fakulta architektúry a dizajnu |T FAD Ústav dizajnu |X 103522 |U A9190 |Y 400 |7 103522 | |
| 242 | 0 | 1 | |a Inclusive board game |y eng |
| 245 | 1 | 0 | |a Inkluzívna spoločenská hra |
| 260 | |c 2025 | ||
| 650 | 4 | |a universal design |2 eng | |
| 650 | 4 | |a social play |2 eng | |
| 650 | 4 | |a inclusion |2 eng | |
| 650 | 4 | |a spoločenská hra |2 slo | |
| 650 | 4 | |a inklúzia |2 slo | |
| 650 | 4 | |a univerzálny dizajn |2 slo | |
| 700 | 1 | |a Baláž, Martin |u 059190 |k Z1 |4 ths |U FAD Fakulta architektúry a dizajnu |T FAD Ústav dizajnu |X 53323 |U A9190 |Y 400 |7 A000053323 | |
| 856 | 4 | |u http://is.stuba.sk/zp/portal_zp.pl?podrobnosti=185925 | |